[Event "HUN-ch U20"]
[Site "Szolnok"]
[Date "2024.04.04"]
[Round "6"]
[White "Koncz, Botond"]
[Black "Cser, Matyas"]
[Result "0-1"]
[WhiteElo "1474"]
[BlackElo "1420"]
[PlyCount "102"]
[EventDate "2024.03.31"]
[EventType "swiss"]
[EventRounds "9"]
[EventCountry "HUN"]
[SourceTitle "CB16_2024"]
[SourceDate "2024.04.17"]
[SourceVersion "1"]
[SourceVersionDate "2024.04.17"]
[SourceQuality "1"]

1. e4 d5 2. exd5 c6 3. dxc6 Nxc6 4. Nf3 e5 5. d3 Bc5 6. Be2 Nf6 7. Bg5 0-0 8. Nbd2 h6 9. Bh4 Nd4 10. 0-0 Bg4 11. h3 Bh5 12. Bxf6 Nxf3+ 13. Bxf3 Bxf3 14. Nxf3 Qxf6 15. Re1 Rae8 16. Qe2 Bd6 17. Nd2 Qe6 18. Ne4 f5 19. Nd2 b5 20. d4 e4 21. Qxb5 g5 22. f3 e3 23. Qe2 Kg7 24. Nf1 f4 25. Qa6 Rf7 26. Qe2 Rfe7 27. a3 h5 28. Kh1 a5 29. Rac1 Qd5 30. Red1 Qa2 31. Rb1 Rc7 32. Re1 Rec8 33. c3 Qc4 34. g3 Qxe2 35. Rxe2 Kf6 36. g4 h4 37. Kg2 Rb8 38. b4 Rxc3 39. Reb2 axb4 40. axb4 Rc6 41. b5 Rcb6 42. Re2 Rxb5 43. Rxb5 Rxb5 44. Kg1 Rb3 45. Rc2 Ke6 46. Nh2 Kd5 47. Re2 Kxd4 48. Kf1 Bb4 49. Kg2 Bd2 50. Nf1 Rb2 51. Kg1 Kd3 0-1